| 000 | 02150nam0a2200313 i 4500 | ||
|---|---|---|---|
| 001 | RU\NLR\BIBL_A\010361216 | ||
| 005 | 20260408070654.0 | ||
| 010 |
_a9785742242208 _940 |
||
| 021 |
_aRU _b2014-21407 _91330 |
||
| 035 | _a(NLR Aleph) 010361216 | ||
| 090 |
_a9577009 _c9577009 |
||
| 100 | _a20140526d2013 u y0rusy50 ca | ||
| 101 | 0 | _arus | |
| 102 | _aRU | ||
| 105 | _aa|||j|||001yy | ||
| 200 | 1 |
_aМоделирование систем _eподходы и методы _eучебное пособие для студентов высших учебных заведений, обучающихся по направлению подготовки магистров "Системный анализ и управление" _fМ-во образования и науки Рос. Федерации, С.-Петерб. гос. политехн. ун-т [и др. _gВ.Н. Волкова и др.] _gпод ред. В.Н. Волковой и В.Н. Козлова |
|
| 210 |
_aСанкт-Петербург _cИзд-во Политехнического университета _d2013 |
||
| 215 |
_a567 с. _cил. _d20 |
||
| 225 | 1 |
_aПриоритетные национальные проекты _iОбразование |
|
| 300 | _aВ надзаг. также: Приоритет. нац. проект "Образование", Нац. исслед. ун-т | ||
| 320 | _aБиблиогр.: с. 567 (18 назв.) и в подстроч. примеч. | ||
| 606 |
_aЭкономика _jУчебные издания для высших учебных заведений _xСистемный анализ _xМоделирование _92302697 _3RU\NLR\AUTH\661378541 |
||
| 686 | 1 | _aУ.в611я73-1 | |
| 702 | 1 |
_7ca _8rus _aВолкова _bВ. Н. _cд-р экон. наук, канд. техн. наук _gВиолетта Николаевна _93691 _3RU\NLR\AUTH\7720624 |
|
| 712 | 0 | 2 |
_4570 _aСанкт-Петербургский государственный политехнический университет _9588417 _3RU\NLR\AUTH\8810044497 |
| 942 | _cBOOK | ||
| 980 | _aNBR | ||